Sports Quiz

Random Sports Quiz

Top Charlotte Hornets Individual PPG Seasons Quiz Stats

 Plays Quiz not verified by Sporcle

Challenge
Share
Tweet
Embed
Score 0/59 Timer 04:00
0 Plays Today
Season Player % Correct
2016-17Kemba Walker
97.4%
2015-16Kemba Walker
97.3%
2017-18Kemba Walker
96.6%
2014-15Kemba Walker
92.7%
1991-92Larry Johnson
92.1%
1992-93Larry Johnson
92.1%
1993-94Larry Johnson
92.1%
1994-95Larry Johnson
92.1%
1995-96Larry Johnson
92.1%
1992-93Alonzo Mourning
92.1%
1993-94Alonzo Mourning
92.1%
1994-95Alonzo Mourning
92.1%
2013-14Kemba Walker
92%
2012-13Kemba Walker
91.7%
2005-06Gerald Wallace
87.8%
2006-07Gerald Wallace
87.8%
2007-08Gerald Wallace
87.8%
2008-09Gerald Wallace
87.8%
2009-10Gerald Wallace
87.8%
2010-11Gerald Wallace
87.8%
1995-96Glen Rice
82.4%
1996-97Glen Rice
82.4%
1997-98Glen Rice
82.4%
2013-14Al Jefferson
80.3%
2014-15Al Jefferson
78.4%
2004-05Emeka Okafor
75.4%
2009-10Stephen Jackson
73.7%
2010-11Stephen Jackson
73.7%
1989-90Dell Curry
71.2%
1991-92Dell Curry
71.2%
Season Player % Correct
1992-93Dell Curry
71.2%
1993-94Dell Curry
71.2%
2001-02Baron Davis
69.3%
2007-08Jason Richardson
64.6%
2011-12Gerald Henderson
62.4%
2012-13Gerald Henderson
62.4%
1998-99Eddie Jones
57.7%
1999-00Eddie Jones
57.7%
2000-01Jamal Mashburn
57.7%
2001-02Jamal Mashburn
57.7%
1991-92Kendall Gill
55.8%
1992-93Kendall Gill
55.8%
2016-17Nicolas Batum
55.3%
2017-18Dwight Howard
48.3%
1988-89Kelly Tripucka
44.9%
1989-90Kelly Tripucka
44.9%
2000-01David Wesley
44.2%
1996-97Anthony Mason
38.6%
2008-09Boris Diaw
29.3%
1988-89Rex Chapman
27.7%
1989-90Rex Chapman
27.7%
1990-91Rex Chapman
27.7%
2011-12Corey Maggette
23.7%
1998-99Elden Campbell
22.5%
1990-91Johnny Newman
21.3%
1991-92Johnny Newman
21.3%
1989-90Armen Gilliam
19.1%
1995-96Kenny Anderson
18.7%
1999-00Derrick Coleman
18.7%

You're not logged in!

Compare scores with friends on all Sporcle quizzes.
Join for Free
OR
Log In

You Might Also Like...

Show Comments

Extras

Top Quizzes Today


Score Distribution

Your Account Isn't Verified!

In order to create a playlist on Sporcle, you need to verify the email address you used during registration. Go to your Sporcle Settings to finish the process.

Report this User

Report this user for behavior that violates our Community Guidelines.

Details: